000 00893nam a2200217 i 4500
001 167397
003 ES-MaACL
005 20230906213522.0
008 960320s1865 sp |||| | spa d
040 _aCLM
_bspa
_cCCPB | SIC
100 1 _aVicente, Juan de.
_9114342
245 1 0 _aTratado de las enfermedades herpéticas externas é internas, y de las sifilíticas
_b: clasificación de todas las afecciones cutáneas /
_cpor Juan de Vicente.
260 _aMadrid :
_b[s.n.],
_c1865 (
_fEstablecimiento Tipografico de T. Fortanet)
300 _a585, [3] p. ;
_c24 cm.
530 _aDisponible en formato digital.
650 4 _aEnfermedades por herpesvirus.
_9160007
650 0 4 _aSífilis.
_917092
650 0 4 _aPiel-
_xEnfermedades.
_915998
852 _aES-MaACL
_jG-14610
_z-- Enc. hol.
856 _uhttp://bdh-rd.bne.es/viewer.vm?id=0000114097&page=1
_zBiblioteca Digital Hispánica
999 _c167397
_d167397